000 00218nam a2200085Ia 4500
008 120527s9999 xx 000 0 und d
100 _aMILLER and COOPER
245 _aVisual Mechanics beams and stress states
942 _cBK
999 _c25599
_d25599